000 00378 a2200157 4500
001 70803
020 _a8570970439
040 _cAnchieta - Itaigara
100 _aPecotche González, Carlos Bernardo
240 1 0 _aCurso de iniciação logosófica
_lpor
245 1 0 _aCurso de iniciação logosófica
300 _a103
362 0 _a2001
650 4 _aEducação
942 _cBK
999 _c70803
_d70803